<?xml version="1.0" encoding="UTF-8"?>
<record
    xmlns:xsi="http://www.w3.org/2001/XMLSchema-instance"
    xsi:schemaLocation="http://www.loc.gov/MARC21/slim http://www.loc.gov/standards/marcxml/schema/MARC21slim.xsd"
    xmlns="http://www.loc.gov/MARC21/slim">

  <leader>01892cam a2200301 i 4500</leader>
  <controlfield tag="001">17834114</controlfield>
  <controlfield tag="003">OSt</controlfield>
  <controlfield tag="005">20210414114604.0</controlfield>
  <controlfield tag="008">130801s2014    nyua     b    001 0 eng  </controlfield>
  <datafield tag="010" ind1=" " ind2=" ">
    <subfield code="a">  2013029553</subfield>
  </datafield>
  <datafield tag="020" ind1=" " ind2=" ">
    <subfield code="a">9780078035500 (hard copy : alk. paper)</subfield>
  </datafield>
  <datafield tag="020" ind1=" " ind2=" ">
    <subfield code="a">0078035503 (hard copy : alk. paper)</subfield>
  </datafield>
  <datafield tag="040" ind1=" " ind2=" ">
    <subfield code="a">DLC</subfield>
    <subfield code="b">eng</subfield>
    <subfield code="c">DLC</subfield>
    <subfield code="e">rda</subfield>
    <subfield code="d">DLC</subfield>
  </datafield>
  <datafield tag="042" ind1=" " ind2=" ">
    <subfield code="a">pcc</subfield>
  </datafield>
  <datafield tag="050" ind1="0" ind2="0">
    <subfield code="a">BF713.S257 </subfield>
  </datafield>
  <datafield tag="082" ind1="0" ind2="0">
    <subfield code="a">305.2</subfield>
    <subfield code="2">23</subfield>
  </datafield>
  <datafield tag="100" ind1="1" ind2=" ">
    <subfield code="a">Santrock, John W.</subfield>
  </datafield>
  <datafield tag="245" ind1="1" ind2="2">
    <subfield code="a">A topical approach to life-span development. /</subfield>
    <subfield code="c">John W. Santrock, University of Texas at Dallas.</subfield>
  </datafield>
  <datafield tag="250" ind1=" " ind2=" ">
    <subfield code="a">Seventh edition.</subfield>
  </datafield>
  <datafield tag="260" ind1=" " ind2=" ">
    <subfield code="a">New York :</subfield>
    <subfield code="b">McGraw-Hill/ Education,</subfield>
    <subfield code="c">2014.</subfield>
  </datafield>
  <datafield tag="300" ind1=" " ind2=" ">
    <subfield code="a">xli, 620 pages :</subfield>
    <subfield code="b">illustrations (chiefly color) ;</subfield>
    <subfield code="c">29 cm.</subfield>
  </datafield>
  <datafield tag="504" ind1=" " ind2=" ">
    <subfield code="a">Includes bibliographical references and index.</subfield>
  </datafield>
  <datafield tag="505" ind1=" " ind2=" ">
    <subfield code="a">Contents: Section 1: The life-span perspective: Introduction -- Section 2: Biological processes, physical development, and health: Biological beginnings -- Physical development and biological aging -- Health -- Motor, sensory, and perceptual development -- Section 3: Cognitive processes and development: Cognitive processes and developmental approaches -- Information processing -- Intelligence -- Language development -- Section 4: Socioemotional processes and development: Emotional development and attachment -- The self, identify, and personality -- Gender and sexuality -- Moral development, values, and religion -- Section 5: Social contexts of development: Families, lifestyles, and parenting -- Peers and the sociocultural  world -- Schools, achievement, and work -- Section 6: Endings: Death, dying, and grieving.</subfield>
  </datafield>
  <datafield tag="650" ind1=" " ind2="0">
    <subfield code="a">Developmental psychology.</subfield>
  </datafield>
  <datafield tag="906" ind1=" " ind2=" ">
    <subfield code="a">7</subfield>
    <subfield code="b">cbc</subfield>
    <subfield code="c">orignew</subfield>
    <subfield code="d">1</subfield>
    <subfield code="e">ecip</subfield>
    <subfield code="f">20</subfield>
    <subfield code="g">y-gencatlg</subfield>
  </datafield>
  <datafield tag="942" ind1=" " ind2=" ">
    <subfield code="2">lcc</subfield>
    <subfield code="c">BK</subfield>
  </datafield>
  <datafield tag="999" ind1=" " ind2=" ">
    <subfield code="c">6631</subfield>
    <subfield code="d">14131</subfield>
  </datafield>
  <datafield tag="952" ind1=" " ind2=" ">
    <subfield code="0">0</subfield>
    <subfield code="1">0</subfield>
    <subfield code="2">lcc</subfield>
    <subfield code="4">0</subfield>
    <subfield code="7">0</subfield>
    <subfield code="a">WIUC-1</subfield>
    <subfield code="b">WIUC-1</subfield>
    <subfield code="c">GEN</subfield>
    <subfield code="d">2018-08-06</subfield>
    <subfield code="l">0</subfield>
    <subfield code="o">BF713.S257</subfield>
    <subfield code="p">8325/144/18</subfield>
    <subfield code="r">2018-08-06 00:00:00</subfield>
    <subfield code="t">1</subfield>
    <subfield code="w">2018-08-06</subfield>
    <subfield code="y">BK</subfield>
  </datafield>
  <datafield tag="952" ind1=" " ind2=" ">
    <subfield code="0">0</subfield>
    <subfield code="1">0</subfield>
    <subfield code="2">lcc</subfield>
    <subfield code="4">0</subfield>
    <subfield code="7">0</subfield>
    <subfield code="a">WIUC-1</subfield>
    <subfield code="b">WIUC-1</subfield>
    <subfield code="c">GEN</subfield>
    <subfield code="d">2018-08-06</subfield>
    <subfield code="l">0</subfield>
    <subfield code="o">BF713.S2571</subfield>
    <subfield code="p">8326/145/18</subfield>
    <subfield code="r">2018-08-06 00:00:00</subfield>
    <subfield code="t">2</subfield>
    <subfield code="w">2018-08-06</subfield>
    <subfield code="y">BK</subfield>
  </datafield>
  <datafield tag="952" ind1=" " ind2=" ">
    <subfield code="0">0</subfield>
    <subfield code="1">0</subfield>
    <subfield code="2">lcc</subfield>
    <subfield code="4">0</subfield>
    <subfield code="7">0</subfield>
    <subfield code="a">WIUC-1</subfield>
    <subfield code="b">WIUC-1</subfield>
    <subfield code="c">GEN</subfield>
    <subfield code="d">2018-08-06</subfield>
    <subfield code="l">0</subfield>
    <subfield code="o">BF713.S2572</subfield>
    <subfield code="p">8327/146/18</subfield>
    <subfield code="r">2018-08-06 00:00:00</subfield>
    <subfield code="t">3</subfield>
    <subfield code="w">2018-08-06</subfield>
    <subfield code="y">BK</subfield>
  </datafield>
  <datafield tag="952" ind1=" " ind2=" ">
    <subfield code="0">0</subfield>
    <subfield code="1">0</subfield>
    <subfield code="2">lcc</subfield>
    <subfield code="4">0</subfield>
    <subfield code="7">0</subfield>
    <subfield code="a">WIUC-1</subfield>
    <subfield code="b">WIUC-1</subfield>
    <subfield code="c">REF</subfield>
    <subfield code="d">2018-08-06</subfield>
    <subfield code="l">0</subfield>
    <subfield code="o">BF713.S2573</subfield>
    <subfield code="p">8328/147/18</subfield>
    <subfield code="r">2018-08-06 00:00:00</subfield>
    <subfield code="t">4</subfield>
    <subfield code="w">2018-08-06</subfield>
    <subfield code="y">BK</subfield>
  </datafield>
  <datafield tag="952" ind1=" " ind2=" ">
    <subfield code="0">0</subfield>
    <subfield code="1">0</subfield>
    <subfield code="2">lcc</subfield>
    <subfield code="4">0</subfield>
    <subfield code="7">0</subfield>
    <subfield code="a">WIUC-1</subfield>
    <subfield code="b">WIUC-1</subfield>
    <subfield code="c">REF</subfield>
    <subfield code="d">2018-08-06</subfield>
    <subfield code="l">0</subfield>
    <subfield code="o">BF713.S2574</subfield>
    <subfield code="p">8329/148/18</subfield>
    <subfield code="r">2018-08-06 00:00:00</subfield>
    <subfield code="t">5</subfield>
    <subfield code="w">2018-08-06</subfield>
    <subfield code="y">BK</subfield>
  </datafield>
  <datafield tag="952" ind1=" " ind2=" ">
    <subfield code="0">0</subfield>
    <subfield code="1">0</subfield>
    <subfield code="2">lcc</subfield>
    <subfield code="4">0</subfield>
    <subfield code="7">0</subfield>
    <subfield code="a">WIUC-1</subfield>
    <subfield code="b">WIUC-1</subfield>
    <subfield code="c">REF</subfield>
    <subfield code="d">2018-08-06</subfield>
    <subfield code="l">0</subfield>
    <subfield code="o">BF713.S2575</subfield>
    <subfield code="p">8330/149/18</subfield>
    <subfield code="r">2018-08-06 00:00:00</subfield>
    <subfield code="t">6</subfield>
    <subfield code="w">2018-08-06</subfield>
    <subfield code="y">BK</subfield>
  </datafield>
  <datafield tag="952" ind1=" " ind2=" ">
    <subfield code="0">0</subfield>
    <subfield code="1">0</subfield>
    <subfield code="2">lcc</subfield>
    <subfield code="4">0</subfield>
    <subfield code="7">0</subfield>
    <subfield code="a">WIUC-1</subfield>
    <subfield code="b">WIUC-1</subfield>
    <subfield code="c">NURS L.</subfield>
    <subfield code="d">2018-08-06</subfield>
    <subfield code="l">0</subfield>
    <subfield code="o">BF713.S257</subfield>
    <subfield code="p">NURS/568/230/18</subfield>
    <subfield code="r">2018-08-13 00:00:00</subfield>
    <subfield code="t">7</subfield>
    <subfield code="w">2018-08-06</subfield>
    <subfield code="y">BK</subfield>
  </datafield>
  <datafield tag="952" ind1=" " ind2=" ">
    <subfield code="0">0</subfield>
    <subfield code="1">0</subfield>
    <subfield code="2">lcc</subfield>
    <subfield code="4">0</subfield>
    <subfield code="7">0</subfield>
    <subfield code="a">WIUC-1</subfield>
    <subfield code="b">WIUC-1</subfield>
    <subfield code="c">NURS L.</subfield>
    <subfield code="d">2018-08-06</subfield>
    <subfield code="l">0</subfield>
    <subfield code="o">BF713.S2571</subfield>
    <subfield code="p">NURS/569/231/18</subfield>
    <subfield code="r">2018-08-13 00:00:00</subfield>
    <subfield code="t">8</subfield>
    <subfield code="w">2018-08-06</subfield>
    <subfield code="y">BK</subfield>
  </datafield>
  <datafield tag="952" ind1=" " ind2=" ">
    <subfield code="0">0</subfield>
    <subfield code="1">0</subfield>
    <subfield code="2">lcc</subfield>
    <subfield code="4">0</subfield>
    <subfield code="7">0</subfield>
    <subfield code="a">WIUC-1</subfield>
    <subfield code="b">WIUC-1</subfield>
    <subfield code="c">NURS L.</subfield>
    <subfield code="d">2018-08-06</subfield>
    <subfield code="l">0</subfield>
    <subfield code="o">BF713.S2572</subfield>
    <subfield code="p">NURS/570/232/18</subfield>
    <subfield code="r">2018-08-13 00:00:00</subfield>
    <subfield code="t">9</subfield>
    <subfield code="w">2018-08-06</subfield>
    <subfield code="y">BK</subfield>
  </datafield>
  <datafield tag="952" ind1=" " ind2=" ">
    <subfield code="0">0</subfield>
    <subfield code="1">0</subfield>
    <subfield code="2">lcc</subfield>
    <subfield code="4">0</subfield>
    <subfield code="7">0</subfield>
    <subfield code="a">WIUC-1</subfield>
    <subfield code="b">WIUC-1</subfield>
    <subfield code="c">NURS L.</subfield>
    <subfield code="d">2018-08-13</subfield>
    <subfield code="l">0</subfield>
    <subfield code="o">BF713.S2573</subfield>
    <subfield code="p">NURS/571/233/18</subfield>
    <subfield code="r">2018-08-13 00:00:00</subfield>
    <subfield code="t">10</subfield>
    <subfield code="w">2018-08-13</subfield>
    <subfield code="y">BK</subfield>
  </datafield>
  <datafield tag="952" ind1=" " ind2=" ">
    <subfield code="0">0</subfield>
    <subfield code="1">0</subfield>
    <subfield code="2">lcc</subfield>
    <subfield code="4">0</subfield>
    <subfield code="7">0</subfield>
    <subfield code="a">WIUC-1</subfield>
    <subfield code="b">WIUC-1</subfield>
    <subfield code="c">NURS L.</subfield>
    <subfield code="d">2018-08-13</subfield>
    <subfield code="l">0</subfield>
    <subfield code="o">BF713.S2574</subfield>
    <subfield code="p">NURS/572/234/18</subfield>
    <subfield code="r">2018-08-13 00:00:00</subfield>
    <subfield code="t">11</subfield>
    <subfield code="w">2018-08-13</subfield>
    <subfield code="y">BK</subfield>
  </datafield>
  <datafield tag="952" ind1=" " ind2=" ">
    <subfield code="0">0</subfield>
    <subfield code="1">0</subfield>
    <subfield code="2">lcc</subfield>
    <subfield code="4">0</subfield>
    <subfield code="7">0</subfield>
    <subfield code="a">WIUC-1</subfield>
    <subfield code="b">WIUC-1</subfield>
    <subfield code="c">NURS L.</subfield>
    <subfield code="d">2018-08-13</subfield>
    <subfield code="l">0</subfield>
    <subfield code="o">BF713.S2575</subfield>
    <subfield code="p">NURS/573/235/18</subfield>
    <subfield code="r">2018-08-13 00:00:00</subfield>
    <subfield code="t">12</subfield>
    <subfield code="w">2018-08-13</subfield>
    <subfield code="y">BK</subfield>
  </datafield>
</record>
